ओथर्ववेदाचे मराठी भाषांतर (Record no. 96597)

MARC details
000 -LEADER
fixed length control field 00853nam a2200181Ia 4500
008 - FIXED-LENGTH DATA ELEMENTS--GENERAL INFORMATION
fixed length control field 090124s9999 xx 000 0 und d
082 ## - DEWEY DECIMAL CLASSIFICATION NUMBER
Item number 28316
100 ## - MAIN ENTRY--PERSONAL NAME
Personal name चित्राव सिध्देश्र्वरशास्त्री
245 ## - TITLE STATEMENT
Title ओथर्ववेदाचे मराठी भाषांतर
250 ## - EDITION STATEMENT
Edition statement 0
260 ## - PUBLICATION, DISTRIBUTION, ETC. (IMPRINT)
Name of publisher, distributor, etc "भारतीय चरित्रकोश मंडळ ,पुणे 4"
Date of publication, distribution, etc 1972
300 ## - PHYSICAL DESCRIPTION
Extent 601
600 ## - SUBJECT ADDED ENTRY--PERSONAL NAME
Personal name चित्राव सिध्देश्र्वरशास्त्री
630 ## - SUBJECT ADDED ENTRY--UNIFORM TITLE
Uniform title ओथर्ववेदाचे मराठी भाषांतर
700 ## - ADDED ENTRY--PERSONAL NAME
Personal name चित्राव सिध्देश्र्वरशास्त्री
730 ## - ADDED ENTRY--UNIFORM TITLE
Uniform title ओथर्ववेदाचे मराठी भाषांतर
942 ## - ADDED ENTRY ELEMENTS (KOHA)
Koha item type Book
Holdings
Withdrawn status Lost status Damaged status Not for loan Home library Current library Date acquired Cost, normal purchase price Total Checkouts Full call number Barcode Date last seen Cost, replacement price Price effective from Koha item type
        Nagar Wachan Mandir, Thane Nagar Wachan Mandir, Thane   100.00   28316 THNNWM-28316 01/24/2009 100.00 01/24/2009 Book